| 000 | 00500nam a2200193Ia 4500 | ||
|---|---|---|---|
| 003 | GCL | ||
| 008 | 140319s9999 xx 000 0 eng d | ||
| 040 |
_aGCL / _cGCL |
||
| 082 | 0 | 4 |
_a741.7 _bF I |
| 100 | 1 | _aFREW , GAVIN | |
| 245 | 1 | 0 |
_aINDTRODUCTION TO TREES, DRAWING AND PAINTING / _cFREW , GAVIN |
| 260 |
_a[S.N] : _bGRAPHIC .SHA PUBLISHING CO LTD. ، _c1992 |
||
| 300 | _a110 P | ||
| 650 | 0 | 4 | _aDRAWING |
| 650 | 0 | 4 | _aTREES IN ART |
| 650 | 0 | 4 | _aPAINTING |
| 650 | 0 | 4 | _aTREES |
| 942 |
_2ddc _cBK |
||
| 999 |
_c14853 _d14853 |
||